000 00843nam a22002777a 4500
001 BR7701419
003 BR-BrBNA
005 20230928085213.0
007 ta
008 230509b bl.||||| |||| 00| 0 por d
040 _aBR-BrBNA
_bpor
_cBiblioteca Nacional de Agricultura
041 _a(Por)
072 _aC00
_b0120
_b0170
_b/G514
090 _ 0120 BR7701419
100 1 _aSchaun, N.M.
110 1 _aCentro Nacional de Pesquisa de Milho e Sorgo, Sete Lagoas, MG (Brasil)
_91790
245 1 _aEstrategia da difusao de tecnologia do Centro Nacional de Pesquisa de Milho e Sorgo [Zea mays, Sorghum vulgare, Brasil]
260 3 _aSete Lagoas, MG (Brasil):
_c1976.
300 _a11 p.
650 _aEXTENSAO RURAL
650 _aDIFUSAO
650 _aMILHO
650 _aSORGO
909 _a202309
_bLucia
_c55
_dLucia Elande
942 _cBK
999 _c23270
_d23270